| 000 | 00970nam a22002295i 4500 | ||
|---|---|---|---|
| 001 | 165702 | ||
| 003 | ES-MaACL | ||
| 005 | 20250714235856.0 | ||
| 008 | 000718m18151820fr |||| | fre d | ||
| 040 |
_aCCPB | B _bspa _cCCPB | B |
||
| 100 | 1 |
_aSprengel, Kurt. _9132872 |
|
| 245 | 1 | 0 |
_aHistoire de la médecine, depuis son origine jusqu'au dix-neuvième siècle / _cpar Kurt Sprengel ; traduite de l'allemand sur la seconde édition, par A. J. L. Jourdan ; et revue par E. F. M. Bosquillon. |
| 260 |
_aA Paris : _bDeterville : _bTh. Desoer, _c1815-1820. |
||
| 300 |
_a9 v. ; _c20 cm. |
||
| 596 | 1 | _aA partir del vol. VIII el pie de imprenta es "A Paris : Bèchet ; A Montpellier : A. Gabon. | |
| 650 | 0 | 4 |
_aMedicina- _vHistoria _914907 |
| 700 | 1 |
_aJourdan, Antoine Jaques Louis. _9128369 |
|
| 700 | 1 |
_aBosquillon, Édouard-François-Marie. _9155178 |
|
| 852 |
_aES-MaACL _jG-13008-16 _z-- Enc. pasta española |
||
| 999 |
_c165702 _d165702 |
||